| 000 | 01235nam a2200229Ia 4500 | ||
|---|---|---|---|
| 003 | Ost | ||
| 005 | 20260507075510.0 | ||
| 008 | 260507s9999||||xx |||||||||||||| ||und|| | ||
| 020 | _a9957110829 | ||
| 040 | _cfsecg | ||
| 041 | _aara | ||
| 082 | _a658.809 | ||
| 100 |
_aعبيدات، محمد _eمؤلف |
||
| 245 | 0 |
_aالتسويق الزراعي / _c محمد عبيدات |
|
| 250 | _aطبعة 2 | ||
| 260 |
_aعمان: _bدار وائل للنشر, _c2005 |
||
| 300 |
_a250 صفحة؛ _bإيضاحات ؛ _c24 سم |
||
| 504 | _aببليوغرافيا:ص ص.247-250 | ||
| 520 | _aمقدمة في التسويق الزراعي،أساليب دراسة الأسواق الزراعية،تسويق الإنتاج الزراعي،تسويق واستهلاك السلع الغذائية،معالجة وتصنيع الأغذية،تجارة الجملة والتجزئة في مجال الصناعة الغذائية،تدريج وتصنيف المنتجات الزراعية،تخزين المنتجات الزراعية والغذائية،التسويق الدولي والمنافسة في مجال الإنتاج الزراعي والغذائي | ||
| 653 | _aالانتاج الزراعي-تسويق | ||
| 942 | _cكتاب | ||
| 999 |
_c44733 _d44733 |
||